00650nam a22001697a 4500003000400000005001700004008004100021020001400062050002900076100002700105245017300132260008800305300003600393521000900429650001700438650002500455OSt20140310182959.0130208t xxu||||| |||| 00| 0 eng d a971922215 aHF 5549.5.J6b.T161 2001 aTan, Genevieve Ledesma aJob ranking and salary schemes for schools and colleges :ban Asian Association of School HRMD Practitioners, Inc. (AASHPI) handbookcGenevieve Ledesma-Tan ... [et al.] aLas Piñas City : bSouthville International Colleges System Publications, c2001. avii, 138 p. : bill. ; c28 cm. aBSBA aJob analysis aEmployeevRating of.